000 00169nam a22000857a 4500
082 _a34773
100 _aHAMID ALI
245 _aESTA CODE CIVIL ESTABLISHMENT CODE
942 _cBK
999 _c23292
_d23292